We are Iraqis : (Record no. 20838)
[ view plain ]
| 000 -LEADER | |
|---|---|
| fixed length control field | 02726cam a22003855a 4500 |
| 001 - CONTROL NUMBER | |
| control field | 17471873 |
| 003 - CONTROL NUMBER IDENTIFIER | |
| control field | EG-ScBUE |
| 005 - DATE AND TIME OF LATEST TRANSACTION | |
| control field | 20220828111742.0 |
| 008 - FIXED-LENGTH DATA ELEMENTS--GENERAL INFORMATION | |
| fixed length control field | 120924t2013 nyua f b 000 0 eng d |
| 020 ## - INTERNATIONAL STANDARD BOOK NUMBER | |
| International Standard Book Number | 0815633017 |
| 020 ## - INTERNATIONAL STANDARD BOOK NUMBER | |
| International Standard Book Number | 9780815633013 |
| 040 ## - CATALOGING SOURCE | |
| Original cataloging agency | DLC |
| Language of cataloging | eng |
| Description conventions | rda |
| Transcribing agency | DLC |
| Modifying agency | EG-ScBUE |
| 043 ## - GEOGRAPHIC AREA CODE | |
| Geographic area code | a-iq--- |
| 082 04 - DEWEY DECIMAL CLASSIFICATION NUMBER | |
| Classification number | 700.10309567 |
| Item number | WEA |
| Edition number | 22 |
| 245 00 - TITLE STATEMENT | |
| Title | We are Iraqis : |
| Remainder of title | aesthetics and politics in a time of war / |
| Statement of responsibility, etc | edited by Nadje Al-Ali and Deborah Al-Najjar. |
| 250 ## - EDITION STATEMENT | |
| Edition statement | First edition. |
| 264 #1 - PUBLICATION, DISTRIBUTION, ETC. (IMPRINT) | |
| Place of publication, distribution, etc | New York : |
| Name of publisher, distributor, etc | Syracuse University Press, |
| Date of publication, distribution, etc | [2013] |
| 264 #4 - PUBLICATION, DISTRIBUTION, ETC. (IMPRINT) | |
| Date of publication, distribution, etc | c2013 |
| 300 ## - PHYSICAL DESCRIPTION | |
| Extent | xl, 266 pages : |
| Other physical details | illustrations (some color) ; |
| Dimensions | 24 cm. |
| 336 ## - CONTENT TYPE | |
| Source | rdacontent |
| Content type term | text |
| Content type code | txt |
| 337 ## - MEDIA TYPE | |
| Source | rdamedia |
| Media type term | unmediated |
| Media type code | n |
| 338 ## - CARRIER TYPE | |
| Source | rdacarrier |
| Carrier type term | volume |
| Carrier type code | nc |
| 490 0# - SERIES STATEMENT | |
| Series statement | Contemporary issues in the Middle East |
| 504 ## - BIBLIOGRAPHY, ETC. NOTE | |
| Bibliography, etc | Includes bibliographical references. |
| 505 0# - FORMATTED CONTENTS NOTE | |
| Formatted contents note | What every driver must know / Alise Alousi -- Bifurcations of Iraq's visual culture / Nada Shabout -- A barbarian in Rome: excerpts from a diary / Sinan Antoon -- Putting contemporary Iraqi art on the map: a conversation with Maysaloun Faraj / Nadje Al-Ali -- The assassination of Iraqi academic life: a personal testimony / Saad N. Jawad -- My own private Munich / Dahlia Petrus -- Hassan Abdulrazzak: a selection / Hassan Abdulrazzak -- Reframing Sunni and Shii discussions / Yara Badday -- Invisible mirror: aggression and the thumb-generation response / Wafaa Bilal -- Iraq: a long phantasmagorical dream for those who are not part of the new capitalism or retired communism / Ali Bader -- Migratory sacred spaces: (re)creating Ashura -- Dena Al-Adeeb -- Liberal mass media (mis)communication and Iraqi (dis)connections / Celia Shallal -- Sophisticated ways: destruction of an ancient city / Nadje Al-Ali -- My trips to the unknown / Maki Al Nazzal -- A tale of two exiles / Sama Alshaibi -- 1001 nights / Jananne Al-Ani -- Arab-Jews, diasporas, and multicultural feminism: a conversation with Ella Habiba Shohat / Evelyn Azeeza Alsultany -- A film-training project for young Iraqis / Maysoon Pachachi -- Lyrical resistance: the example of Saadi Youssef / Ferial J. Ghazoul -- Larsa / Dunya Mikhail -- Ur's echo: cosmopolitans and radical loss / Rashad Salim -- Identity of the numbers / Irada Al-Jabbouri. |
| 650 #7 - SUBJECT ADDED ENTRY--TOPICAL TERM | |
| Topical term or geographic name as entry element | Arts |
| General subdivision | Political aspects |
| Geographic subdivision | Iraq |
| General subdivision | History |
| Chronological subdivision | 21st century. |
| Source of heading or term | BUEsh |
| 650 #7 - SUBJECT ADDED ENTRY--TOPICAL TERM | |
| Topical term or geographic name as entry element | Arts, Iraqi |
| Chronological subdivision | 21st century. |
| Source of heading or term | BUEsh |
| 650 #7 - SUBJECT ADDED ENTRY--TOPICAL TERM | |
| Topical term or geographic name as entry element | Iraq |
| General subdivision | History |
| Chronological subdivision | 2003- |
| Source of heading or term | BUEsh |
| 651 ## - SUBJECT ADDED ENTRY--GEOGRAPHIC NAME | |
| Source of heading or term | BUEsh |
| 653 ## - INDEX TERM--UNCONTROLLED | |
| Resource For college | BAEPS, Political Science |
| Arrived date list | September2015 |
| -- | December2015 |
| 655 ## - INDEX TERM--GENRE/FORM | |
| Form subdivision | Reading book |
| 9 (RLIN) | 34232 |
| 700 1# - ADDED ENTRY--PERSONAL NAME | |
| Personal name | Al-Ali, Nadje Sadig, |
| Relator term | editor. |
| 9 (RLIN) | 5136 |
| 700 1# - ADDED ENTRY--PERSONAL NAME | |
| Personal name | Al-Najjar, Deborah, |
| Relator term | editor. |
| 942 ## - ADDED ENTRY ELEMENTS (KOHA) | |
| Source of classification or shelving scheme | Dewey Decimal Classification |
| Call number prefix | 700.10309567 WEA |
| Koha item type | Book - Borrowing |
| Withdrawn status | Lost status | Source of classification or shelving scheme | Damaged status | Not for loan | Collection code | Home library | Current library | Shelving location | Date acquired | Source of acquisition | Cost, normal purchase price | Serial Enumeration / chronology | Total Checkouts | Full call number | Barcode | Date last seen | Cost, replacement price | Koha item type |
|---|---|---|---|---|---|---|---|---|---|---|---|---|---|---|---|---|---|---|
| Dewey Decimal Classification | Baccah | Central Library | Central Library | Second Floor | 02/09/2015 | Purchase | 337.00 | 23317 | 700.10309567 WEA | 000030898 | 15/07/2025 | 421.00 | Book - Borrowing |